| 000 | 00652nam a2200193 a 4500 | ||
|---|---|---|---|
| 005 | 20140412111300.0 | ||
| 008 | 001129s19uu xx 00 eng d | ||
| 020 | _a0-15-331236-X | ||
| 050 |
_aBB _bHo847 1989 |
||
| 100 | _aKipling Rudyard | ||
| 245 |
_aHow the elephant got its trunk : _badapted from the Elephant's Child / _cRudyard Kipling ; illustrated by Jan Pyk. |
||
| 260 |
_aOrlando, Florida : _bHarcourt Brace Jovanich, Inc, _c1989. |
||
| 300 | _a8 p. ; ill. | ||
| 440 | _aButterflies: Harcourt Brace Jovanovich | ||
| 500 | _aAdapted from the Elephant's Child | ||
| 650 | _aElephants stories | ||
| 650 | _aPicture book | ||
| 999 |
_c103329 _d103329 |
||